000 01344nam a2200349Ia 4500
001 ebr10661643
003 CaPaEBR
006 m u
007 cr cn|||||||||
008 091113s2010 nyua sb 001 0 eng d
010 _z 2009048224
020 _z1608761975 (hardcover)
020 _z9781608761975 (hardcover)
020 _z9781611224948
040 _aCaPaEBR
_cCaPaEBR
035 _a(OCoLC)676830560
050 1 4 _aGB401.5
_b.G456 2010eb
082 0 4 _a551.41
_222
245 0 0 _aGeomorphology
_h[electronic resource] :
_bprocesses, taxonomy and applications /
_cMiguel H. Sanders and Phillip D. Clark, editors.
260 _aNew York :
_bNova Science Publishers,
_cc2010.
300 _axi, 216 p. :
_bill.
490 0 _aEarth sciences in the 21st century series
504 _aIncludes bibliographical references and index.
533 _aElectronic reproduction.
_bPalo Alto, Calif. :
_cebrary,
_d2013.
_nAvailable via World Wide Web.
_nAccess may be limited to ebrary affiliated libraries.
650 0 _aGeomorphology.
650 0 _aGeography.
655 7 _aElectronic books.
_2local
700 1 _aSanders, Miguel H.
700 1 _aClark, Phillip D.
710 2 _aebrary, Inc.
856 4 0 _uhttp://site.ebrary.com/lib/rucke/Doc?id=10661643
_zAn electronic book accessible through the World Wide Web; click to view
999 _c169779
_d169779